[Event "BUL-ch qual"]
[Site "Pleven"]
[Date "2006.01.31"]
[Round "5"]
[White "Grigorov, Grigor"]
[Black "Katov, Luboslav"]
[Result "1-0"]
[WhiteElo "2423"]
[BlackElo "2262"]
[PlyCount "65"]
[EventDate "2006.01.28"]
[EventType "swiss"]
[EventRounds "9"]
[EventCountry "BUL"]
[SourceTitle "CBM 110 Extra"]
[Source "ChessBase"]
[SourceDate "2006.03.10"]
[SourceVersion "2"]
[SourceVersionDate "2006.03.10"]
[SourceQuality "1"]

1. d4 Nf6 2. c4 e6 3. Nc3 Bb4 4. Qc2 Nc6 5. Nf3 d6 6. Bg5 h6 7. Bd2 0-0 8. a3 Bxc3 9. Bxc3 Qe7 10. e3 e5 11. Be2 Ne8 12. 0-0 e4 13. Nd2 f5 14. Rae1 Nf6 15. f3 Bd7 16. fxe4 Nxe4 17. Bd3 Nxd2 18. Qxd2 Rae8 19. Rf3 f4 20. Bg6 Bg4 21. Bxe8 Bxf3 22. exf4 Qd8 23. Qe3 Bg4 24. h3 Bd7 25. Bxd7 Qxd7 26. d5 Nb8 27. Qg3 Rf7 28. Re6 Nc6 29. Rg6 Nd8 30. Rxh6 b5 31. Rh5 Qe7 32. cxb5 Qf8 33. Qh4 1-0

[Event "Baharov Memorial op 13th"]
[Site "Sofia"]
[Date "2005.11.27"]
[Round "4"]
[White "Orev, Petar"]
[Black "Katov, Luboslav"]
[Result "1/2-1/2"]
[WhiteElo "2222"]
[BlackElo "2214"]
[PlyCount "31"]
[EventDate "2005.11.25"]
[EventType "swiss"]
[EventRounds "7"]
[EventCountry "BUL"]
[SourceTitle "CBM 109 Extra"]
[Source "ChessBase"]
[SourceDate "2006.01.03"]
[SourceVersion "2"]
[SourceVersionDate "2006.01.03"]
[SourceQuality "1"]

1. e4 c5 2. c4 Nc6 3. Ne2 Nf6 4. Nbc3 e6 5. d4 cxd4 6. Nxd4 Bb4 7. Nxc6 dxc6 8. Qxd8+ Kxd8 9. Bd2 e5 10. f3 a5 11. Na4 Bxd2+ 12. Kxd2 Kc7 13. c5 Be6 14. Be2 Rad8+ 15. Kc3 Rd4 16. b3 1/2-1/2

[Event "EU-ch U16"]
[Site "Herceg Novi"]
[Date "2005.09.23"]
[Round "9"]
[White "Katov, Luboslav"]
[Black "Bakos, Balazs"]
[Result "1-0"]
[WhiteElo "2225"]
[BlackElo "2234"]
[PlyCount "51"]
[EventDate "2005.09.14"]
[EventType "swiss"]
[EventRounds "9"]
[EventCountry "YUG"]
[SourceTitle "CBM 108 Extra"]
[Source "ChessBase"]
[SourceDate "2005.11.04"]
[SourceVersion "1"]
[SourceVersionDate "2005.11.04"]
[SourceQuality "1"]

1. d4 Nf6 2. Nf3 g6 3. c4 Bg7 4. Nc3 d5 5. e3 0-0 6. Qb3 c6 7. Be2 dxc4 8. Bxc4 b5 9. Bd3 a6 10. Qc2 c5 11. dxc5 Bb7 12. Ne4 Nxe4 13. Bxe4 Bxe4 14. Qxe4 Nd7 15. 0-0 Nxc5 16. Qb4 Rc8 17. Nd4 e5 18. Nb3 Nd3 19. Qa3 Qb6 20. e4 Rfd8 21. Be3 Qc6 22. Na5 Qxe4 23. Qe7 Qb4 24. Nc6 Qd6 25. Qxd6 Rxd6 26. Ne7+ 1-0

[Event "EU-ch U16"]
[Site "Herceg Novi"]
[Date "2005.09.22"]
[Round "8"]
[White "Olszewski, Michal"]
[Black "Katov, Luboslav"]
[Result "1-0"]
[WhiteElo "2399"]
[BlackElo "2225"]
[PlyCount "63"]
[EventDate "2005.09.14"]
[EventType "swiss"]
[EventRounds "9"]
[EventCountry "YUG"]
[SourceTitle "CBM 108 Extra"]
[Source "ChessBase"]
[SourceDate "2005.11.04"]
[SourceVersion "1"]
[SourceVersionDate "2005.11.04"]
[SourceQuality "1"]

1. e4 c5 2. Nf3 d6 3. d4 cxd4 4. Nxd4 Nf6 5. Nc3 e6 6. g4 h6 7. h4 Nc6 8. g5 hxg5 9. Bxg5 a6 10. Be2 Bd7 11. Qd2 Qc7 12. 0-0-0 b5 13. a3 Ne5 14. f4 Nc4 15. Bxc4 bxc4 16. e5 Nh5 17. Rhe1 d5 18. Nxd5 Qb7 19. Ne3 Rc8 20. Qc3 a5 21. f5 Bc5 22. fxe6 Bxe6 23. Nxe6 fxe6 24. Nxc4 0-0 25. Qd3 Nf4 26. Bxf4 Rxf4 27. Nd6 Bxd6 28. exd6 Rfc4 29. d7 Rxc2+ 30. Qxc2 Rxc2+ 31. Kxc2 Qg2+ 32. Kb1 1-0

[Event "EU-ch U16"]
[Site "Herceg Novi"]
[Date "2005.09.21"]
[Round "7"]
[White "Katov, Luboslav"]
[Black "Valner, Uku"]
[Result "1-0"]
[WhiteElo "2225"]
[BlackElo "1960"]
[PlyCount "89"]
[EventDate "2005.09.14"]
[EventType "swiss"]
[EventRounds "9"]
[EventCountry "YUG"]
[SourceTitle "CBM 108 Extra"]
[Source "ChessBase"]
[SourceDate "2005.11.04"]
[SourceVersion "1"]
[SourceVersionDate "2005.11.04"]
[SourceQuality "1"]

1. d4 d5 2. Nf3 Nf6 3. c4 e6 4. Nc3 Be7 5. cxd5 exd5 6. Qc2 0-0 7. Bf4 c6 8. e3 Nbd7 9. Bd3 Re8 10. h3 Nf8 11. 0-0-0 b6 12. g4 Bb7 13. Ne5 N6d7 14. Kb1 Nxe5 15. Bxe5 Bd6 16. Bxd6 Qxd6 17. Qe2 Re7 18. Qf3 c5 19. Ka1 Ne6 20. Bb1 Rd8 21. h4 a6 22. Ne2 Red7 23. h5 a5 24. Ng3 a4 25. Nf5 Qf8 26. Qe2 c4 27. Qc2 g6 28. hxg6 fxg6 29. Nh6+ Kg7 30. f4 Qd6 31. Qh2 Nf8 32. g5 a3 33. f5 Qxh2 34. f6+ Kh8 35. Rxh2 b5 36. bxa3 Ra8 37. Kb2 Ne6 38. Ng4 Kg8 39. Ne5 Rc7 40. Bxg6 c3+ 41. Kb1 Nf8 42. Bc2 Ra6 43. Rg1 Bc8 44. g6 hxg6 45. Bxg6 1-0